[Event "BALKAN AMATEUR CHESS FESTIVAL"]
[Site "Belogradchik, hotel Skalite"]
[Date "2010.09.12"]
[Round "9.1"]
[White "Tashkov, Rumen"]
[Black "Dobrev, Naiden"]
[Result "1/2-1/2"]
[WhiteElo "2239"]
[BlackElo "2206"]
[PlyCount "71"]
[EventDate "2010.09.06"]

1. d4 Nf6 2. c4 d6 3. Nf3 g6 4. g3 Bg7 5. Bg2 O-O 6. O-O Nc6 7. Nc3 e5 8. d5
Ne7 9. c5 Ne8 10. cxd6 cxd6 11. Qb3 h6 12. a4 f5 13. Nd2 g5 14. Nc4 Ng6 15. Bd2
e4 16. Nb5 Ne5 17. Rac1 Nxc4 18. Rxc4 a6 19. Nd4 b5 20. axb5 axb5 21. Rb4 Nc7
22. Rc1 Rf7 23. Nc6 Qe8 24. Be3 Ra4 25. Bd4 Rxb4 26. Qxb4 Nxd5 27. Qxb5 Be6 28.
Bxg7 Kxg7 29. Nd4 Qxb5 30. Nxb5 Rb7 31. Nd4 Kf6 32. b3 Rc7 33. Rxc7 Nxc7 34. e3
Bd7 35. Bf1 Ke5 36. Bc4 1/2-1/2

[Event "BALKAN AMATEUR CHESS FESTIVAL"]
[Site "Belogradchik, hotel Skalite"]
[Date "2010.09.12"]
[Round "9.2"]
[White "Panayotov, Yanko"]
[Black "Sgircea, Silvia Raluca"]
[Result "1-0"]
[WhiteElo "2233"]
[BlackElo "2192"]
[PlyCount "139"]
[EventDate "2010.09.06"]

1. e4 c5 2. Nf3 g6 3. d4 cxd4 4. Nxd4 Nc6 5. Nc3 Bg7 6. Nde2 Nf6 7. g3 b5 8.
Bg2 Rb8 9. O-O O-O 10. h3 d6 11. Be3 Be6 12. Nd5 Qd7 13. Nef4 b4 14. Re1 Bxd5
15. exd5 Na5 16. b3 Rfe8 17. a3 bxa3 18. Rxa3 Qc7 19. Qd2 Nb7 20. Rxa7 Nd7 21.
c4 Qc8 22. Rb1 Nbc5 23. Qc2 Ne5 24. Ne2 Ned3 25. Nd4 Nb4 26. Qd1 Ra8 27. Rxa8
Qxa8 28. Nc6 Na2 29. Qc2 Qa3 30. b4 Nc3 31. bxc5 Nxb1 32. Qxb1 Qa4 33. Qd3 Bf6
34. h4 h5 35. Kh2 Qa1 36. Be4 Kg7 37. cxd6 exd6 38. c5 Qa4 39. Bg2 dxc5 40.
Bxc5 Qg4 41. Bh3 Qa4 42. Bg2 Re1 43. Bf3 Rc1 44. Be3 Rc3 45. Qd2 Rc2 46. Qd1
Qc4 47. Kg2 Ra2 48. Bd4 Bxd4 49. Qxd4+ Qxd4 50. Nxd4 Rd2 51. Nc6 Kf6 52. Kf1
Ra2 53. Be4 Rb2 54. Ke1 Ra2 55. Kf1 Kg7 56. Bd3 Rd2 57. Bc4 Kf8 58. Ke1 Rc2 59.
d6 Rxc4 60. d7 Rxc6 61. d8=Q+ Kg7 62. Qd4+ Kh7 63. Qd7 Re6+ 64. Kf1 Kg7 65. Kg2
Re4 66. Qd5 Re6 67. f3 Ra6 68. Qe5+ Kh7 69. f4 Re6 70. Qg5 1-0

[Event "BALKAN AMATEUR CHESS FESTIVAL"]
[Site "Belogradchik, hotel Skalite"]
[Date "2010.09.12"]
[Round "9.3"]
[White "Todorov, Momchil"]
[Black "Vlashki, Nino"]
[Result "1-0"]
[WhiteElo "2191"]
[BlackElo "2230"]
[PlyCount "135"]
[EventDate "2010.09.06"]

1. Nf3 d6 2. d4 Bg4 3. Nbd2 e6 4. g3 Nd7 5. Bg2 Be7 6. h3 Bh5 7. O-O c6 8. b3
Ngf6 9. Bb2 O-O 10. g4 Bg6 11. Nh4 d5 12. Nxg6 hxg6 13. c4 a5 14. a3 b5 15. c5
Qb8 16. f4 b4 17. a4 Qb7 18. Rc1 Rfd8 19. e3 Nh7 20. g5 Qa6 21. Nf3 f5 22. h4
Kf7 23. Rf2 Rh8 24. Bf1 Qb7 25. Rh2 Rag8 26. Rcc2 Ke8 27. Rh3 Kd8 28. Rch2 Kc7
29. h5 Nhf8 30. h6 Rh7 31. Qe2 Qc8 32. Rh4 gxh6 33. Rxh6 Rgh8 34. Rxh7 Rxh7 35.
Rxh7 Nxh7 36. Qh2 Qg8 37. Bc1 Kb7 38. Bd2 e5 39. Qe2 Qa8 40. Ne1 e4 41. Nc2
Nhf8 42. Qh2 Ne6 43. Qh7 Qe8 44. Be1 Ndf8 45. Qh8 Qf7 46. Qh2 Bd8 47. Qd2 Qh7
48. Qe2 Nc7 49. Bd2 Nfe6 50. Qe1 Kc8 51. Qe2 Qh4 52. Be1 Qh8 53. Kg2 Be7 54.
Kg1 Kb7 55. Bxb4 axb4 56. Nxb4 Qb8 57. a5 Qe8 58. Nc2 Bd8 59. Na3 Qh8 60. b4
Qe8 61. Qa2 Bxg5 62. fxg5 Nxg5 63. b5 cxb5 64. Nxb5 Nxb5 65. Qxd5+ Qc6 66. a6+
Kc7 67. Qxc6+ Kxc6 68. Bxb5+ 1-0

[Event "BALKAN AMATEUR CHESS FESTIVAL"]
[Site "Belogradchik, hotel Skalite"]
[Date "2010.09.12"]
[Round "9.5"]
[White "Ivanov, Borislav"]
[Black "Primbetov, Kazbek"]
[Result "1/2-1/2"]
[WhiteElo "2178"]
[BlackElo "2221"]
[PlyCount "65"]
[EventDate "2010.09.06"]

1. d4 Nf6 2. c4 e6 3. g3 Bb4+ 4. Bd2 Be7 5. Bg2 d5 6. Nf3 O-O 7. O-O Nbd7 8.
Qc2 c6 9. Bf4 Ne4 10. Nc3 f5 11. Ne5 Nxe5 12. Bxe5 Bd7 13. Nxe4 fxe4 14. f3
exf3 15. Bxf3 Bf6 16. Bxf6 Rxf6 17. e4 Qb6 18. c5 Qb4 19. Rad1 Raf8 20. a3 Qa5
21. Bg2 Be8 22. exd5 exd5 23. Qe2 Bg6 24. Rxf6 Rxf6 25. Rf1 Qa4 26. Rxf6 gxf6
27. Qe6+ Kg7 28. Qd7+ Kh6 29. Qh3+ Kg7 30. Qd7+ Kh6 31. Qh3+ Kg7 32. Qd7+ Kh6
33. Qh3+ 1/2-1/2

[Event "BALKAN AMATEUR CHESS FESTIVAL"]
[Site "Belogradchik, hotel Skalite"]
[Date "2010.09.12"]
[Round "9.6"]
[White "Sofranov, Velizar"]
[Black "Janachkov, Angel"]
[Result "1-0"]
[WhiteElo "2011"]
[BlackElo "2212"]
[PlyCount "71"]
[EventDate "2010.09.06"]

1. d4 Nf6 2. c4 c5 3. d5 b5 4. cxb5 a6 5. bxa6 Bxa6 6. Nc3 d6 7. g3 g6 8. Bg2
Bg7 9. Nf3 O-O 10. O-O Nbd7 11. Rb1 Qa5 12. Bd2 Rfb8 13. Qc2 Ne8 14. Rfe1 Nc7
15. b3 Bb7 16. a4 Na6 17. Nb5 Nb4 18. Qe4 Re8 19. Qh4 Qb6 20. e4 Ne5 21. Nxe5
Bxe5 22. Bf1 Ba6 23. Rbc1 Bb2 24. Bxb4 Bxb5 25. Bxb5 Bxc1 26. Rxc1 cxb4 27.
Bxe8 Rxe8 28. Rc4 Qb7 29. Qg5 e6 30. dxe6 Rxe6 31. Qd5 Qe7 32. Rxb4 h5 33. Rb8+
Kh7 34. Qd4 f6 35. Qd5 Re5 36. Rb7 1-0

[Event "BALKAN AMATEUR CHESS FESTIVAL"]
[Site "Belogradchik, hotel Skalite"]
[Date "2010.09.12"]
[Round "9.7"]
[White "Tscharotschkin, Michael"]
[Black "Ivanov, Bogidar"]
[Result "1-0"]
[WhiteElo "2179"]
[BlackElo "2188"]
[PlyCount "118"]
[EventDate "2010.09.06"]

1. Nf3 c5 2. e4 Nc6 3. c3 Qa5 4. Na3 e6 5. Nc4 Qc7 6. d4 cxd4 7. cxd4 d5 8.
exd5 exd5 9. Ne3 Nf6 10. Bd3 Bd6 11. Nf5 Bb4+ 12. Bd2 O-O 13. O-O Ne4 14. Bxb4
Nxb4 15. Ng3 Nxd3 16. Qxd3 Nf6 17. Rac1 Qb6 18. b3 h6 19. Ne5 Ng4 20. Rxc8
Rfxc8 21. Nxg4 Qe6 22. Ne3 Rc7 23. Qb5 Rd8 24. h3 g6 25. Ne2 Qe4 26. Rd1 Kg7
27. Qb4 b6 28. Nc3 Qe6 29. Ne2 Qf6 30. Qd2 h5 31. Nc3 Rcd7 32. Qd3 Qc6 33. Rd2
Kh7 34. Rc2 Qe6 35. Re2 Qf6 36. Rc2 Qe7 37. Qb5 Qf6 38. Rd2 Qe7 39. Rd1 Qe6 40.
Qd3 Qe7 41. Kf1 Qd6 42. Rd2 Qf6 43. Re2 Qf4 44. f3 Qc7 45. Kf2 Kg7 46. Rc2 Qf4
47. g3 Qf6 48. a4 Qe6 49. Kg2 Qf6 50. Ne2 Qe7 51. Nf4 Qf6 52. Rc3 Kg8 53. b4
Qe7 54. Kf2 Qf6 55. b5 Qe7 56. Rc6 Rd6 57. Qc3 Qb7 58. Ne2 a6 59. Rc7 Qa8 1-0

[Event "BALKAN AMATEUR CHESS FESTIVAL"]
[Site "Belogradchik, hotel Skalite"]
[Date "2010.09.12"]
[Round "9.8"]
[White "Enchev, Evgeni"]
[Black "Janchev, Petar"]
[Result "1-0"]
[WhiteElo "1984"]
[BlackElo "2186"]
[PlyCount "89"]
[EventDate "2010.09.06"]

1. d4 Nf6 2. c4 g6 3. Nc3 Bg7 4. e4 d6 5. Be2 O-O 6. Nf3 c6 7. O-O a6 8. Qc2 b5
9. Rd1 Bb7 10. e5 Ne8 11. Ne4 Nd7 12. Bf4 d5 13. cxd5 cxd5 14. Nc5 Nxc5 15.
Qxc5 Nc7 16. Be3 Ne6 17. Qb4 Rb8 18. Nd2 f6 19. exf6 Bxf6 20. Nb3 Qd6 21. Qd2
Rbc8 22. Bg4 Rc7 23. Re1 Rc4 24. Na5 Ba8 25. b3 Rcc8 26. Bxe6+ Qxe6 27. Bh6 Qf5
28. Bxf8 Rxf8 29. Qe3 Kg7 30. g3 g5 31. Rac1 g4 32. Nc6 Bxc6 33. Rxc6 a5 34.
Rc5 b4 35. Rxa5 Rd8 36. Ra7 Rd7 37. Rxd7 Qxd7 38. Qe6 Qa7 39. Qxg4+ Kf7 40.
Qe6+ Kg7 41. Rc1 Qxa2 42. Rc8 Qb1+ 43. Kg2 Qe4+ 44. Qxe4 dxe4 45. Rc4 1-0

[Event "BALKAN AMATEUR CHESS FESTIVAL"]
[Site "Belogradchik, hotel Skalite"]
[Date "2010.09.12"]
[Round "9.9"]
[White "Vladimirov, Vladimir"]
[Black "Turcu, Iulian"]
[Result "1-0"]
[WhiteElo "2142"]
[BlackElo "2237"]
[PlyCount "127"]
[EventDate "2010.09.06"]

1. e4 e5 2. Nf3 Nc6 3. Bb5 a6 4. Ba4 Nf6 5. O-O b5 6. Bb3 Bc5 7. Nxe5 Nxe5 8.
d4 Bxd4 9. Qxd4 d6 10. f4 c5 11. Qd1 c4 12. fxe5 Qb6+ 13. Kh1 dxe5 14. Bxc4
bxc4 15. Nc3 Bb7 16. Qf3 O-O-O 17. Bg5 Rhg8 18. Nd5 Bxd5 19. exd5 h6 20. Bxf6
gxf6 21. b3 Qb5 22. bxc4 Qxc4 23. d6 e4 24. Qf5+ Rd7 25. Rab1 Qc6 26. Qxf6 e3
27. Rg1 e2 28. Qe5 Rxd6 29. Qxe2 Rdg6 30. Qf2 h5 31. Qa7 Qc7 32. Qa8+ Kd7 33.
Qd5+ Kc8 34. Qxh5 Rg5 35. Qh3+ Kd8 36. Rge1 Qc6 37. Rb8+ Kc7 38. Rxg8 Rxg8 39.
Re7+ Kb8 40. Rxf7 Re8 41. Qb3+ Ka8 42. Rf1 Re2 43. Rf8+ Re8 44. Rxe8+ Qxe8 45.
Qf3+ Ka7 46. Qf2+ Ka8 47. h4 Qg8 48. Qf3+ Ka7 49. Qe3+ Ka8 50. Qe4+ Ka7 51. c4
Qg7 52. Kh2 Qc7+ 53. g3 Qg7 54. Qc2 Kb6 55. c5+ Kc6 56. Qa4+ Kxc5 57. Qxa6 Kb4
58. Qd3 Kc5 59. Qc2+ Kb6 60. Qd2 Ka6 61. a4 Qa1 62. Qc2 Ka7 63. Qc7+ Ka6 64. h5
1-0

[Event "BALKAN AMATEUR CHESS FESTIVAL"]
[Site "Belogradchik, hotel Skalite"]
[Date "2010.09.12"]
[Round "9.10"]
[White "Vasilev, Plamen"]
[Black "Milchev, Miroslav"]
[Result "1-0"]
[WhiteElo "2102"]
[BlackElo "2200"]
[PlyCount "115"]
[EventDate "2010.09.06"]

1. d4 Nf6 2. Nf3 d5 3. g3 Bf5 4. Bg2 e6 5. O-O c6 6. Nbd2 h6 7. Ne5 Nbd7 8. f4
Be7 9. c3 O-O 10. Ndf3 Be4 11. g4 Nxe5 12. fxe5 Nd7 13. Ne1 Bxg2 14. Nxg2 Qb6
15. Be3 c5 16. Qd2 cxd4 17. cxd4 Qb4 18. Rac1 Qxd2 19. Bxd2 Rac8 20. Rxc8 Rxc8
21. Rc1 Rxc1+ 22. Bxc1 f6 23. exf6 Bxf6 24. Nf4 Bxd4+ 25. e3 Bb6 26. Nxe6 Ne5
27. Nf4 d4 28. h3 d3 29. Kf2 Ba5 30. b4 Bxb4 31. Bb2 d2 32. Ke2 Nc4 33. Bd4 Nd6
34. Nd3 Ba5 35. Bxa7 Ne4 36. Bd4 Kf7 37. Ne5+ Ke6 38. Nc4 Nf2 39. Nxd2 Nxh3 40.
Nb3 Bd8 41. Bxg7 Bg5 42. a4 Kd5 43. Kf3 Ng1+ 44. Kf2 Nh3+ 45. Kg2 Bxe3 46. Kxh3
b6 47. a5 bxa5 48. Nxa5 Ke6 49. Kh4 Kf7 50. Bc3 Kg6 51. Nc4 Bg5+ 52. Kg3 Bc1
53. Ne5+ Kg5 54. Nf3+ Kg6 55. Kh4 Be3 56. Ne5+ Kh7 57. Kh5 Bf4 58. Nc4 1-0

[Event "BALKAN AMATEUR CHESS FESTIVAL"]
[Site "Belogradchik, hotel Skalite"]
[Date "2010.09.12"]
[Round "9.11"]
[White "Enoiu, Alexandru-Ionut"]
[Black "Asparuhov, Parvan"]
[Result "1/2-1/2"]
[WhiteElo "2187"]
[BlackElo "2074"]
[PlyCount "99"]
[EventDate "2010.09.06"]

1. d4 d5 2. Nf3 Bf5 3. c4 e6 4. Nc3 c6 5. Bf4 Nf6 6. e3 Nbd7 7. h3 h6 8. cxd5
exd5 9. Bd3 Bxd3 10. Qxd3 Bb4 11. O-O O-O 12. a3 Be7 13. b4 a6 14. Rab1 Nb6 15.
Nd2 a5 16. Rb3 axb4 17. axb4 Na4 18. Nxa4 Rxa4 19. b5 c5 20. dxc5 Bxc5 21. Nf3
Bd6 22. Bxd6 Qxd6 23. Rc1 Ne4 24. Rbb1 Ra2 25. Rc2 Ra3 26. Qd4 Rfa8 27. Rd1 Nf6
28. g3 Qd7 29. Kg2 Qxb5 30. Rc7 R3a4 31. Qe5 Re8 32. Qf5 Rc4 33. Rb1 Rb4 34.
Rbc1 Qb6 35. Nd4 g6 36. Qf3 Qd6 37. h4 Qe5 38. h5 Qe4 39. hxg6 fxg6 40. Qxe4
dxe4 41. R1c5 Ng4 42. Rb5 Rxb5 43. Nxb5 Rf8 44. Rc2 Rf6 45. Rd2 Kf8 46. Nd6 Ke7
47. Nxe4 Rc6 48. Rb2 b6 49. Rb3 Ke6 50. Kf3 1/2-1/2

[Event "BALKAN AMATEUR CHESS FESTIVAL"]
[Site "Belogradchik, hotel Skalite"]
[Date "2010.09.12"]
[Round "9.12"]
[White "Mitrev, Emil"]
[Black "Ljangov, Petar"]
[Result "1/2-1/2"]
[WhiteElo "2178"]
[BlackElo "2096"]
[PlyCount "120"]
[EventDate "2010.09.06"]

1. Nf3 Nf6 2. c4 b6 3. Nc3 Bb7 4. d4 e6 5. a3 d6 6. Qc2 c5 7. e4 cxd4 8. Nxd4
a6 9. f3 Be7 10. Be3 Nbd7 11. Be2 O-O 12. O-O Rc8 13. Qd2 Qc7 14. Rfc1 Qb8 15.
Kh1 Rfd8 16. Qe1 Nc5 17. b4 Ncd7 18. Nb3 Re8 19. Qg1 Bd8 20. Rab1 Qa8 21. a4 d5
22. exd5 exd5 23. c5 bxc5 24. bxc5 Ne5 25. Bd4 Nc6 26. Rc2 Nxd4 27. Qxd4 Bc7
28. a5 Be5 29. Qb4 Bc6 30. Na4 Rb8 31. Nb6 Qb7 32. Nd4 Bxd4 33. Qxd4 Re6 34.
Qf2 Rbe8 35. h3 Qe7 36. Bxa6 Re1+ 37. Rxe1 Qxe1+ 38. Qxe1 Rxe1+ 39. Kh2 Ra1 40.
Nc8 Rxa5 41. Ne7+ Kf8 42. Nxc6 Rxa6 43. Ne5 Ra7 44. Rb2 Rc7 45. c6 Ke7 46. Rb7
Kd6 47. g4 Ne8 48. Nxf7+ Kxc6 49. Rxc7+ Nxc7 50. Kg3 d4 51. h4 Kd5 52. Kf2 Kc4
53. Ke2 Kc3 54. Ne5 Kc2 55. Nd3 Nd5 56. Ne1+ Kc3 57. Nd3 Ne3 58. h5 h6 59. Ne5
Nd5 60. Nd3 Kc2 1/2-1/2

[Event "BALKAN AMATEUR CHESS FESTIVAL"]
[Site "Belogradchik, hotel Skalite"]
[Date "2010.09.12"]
[Round "9.13"]
[White "Ivanov, Stoyan E"]
[Black "Angelov, Boyan"]
[Result "1/2-1/2"]
[WhiteElo "2176"]
[BlackElo "2062"]
[PlyCount "105"]
[EventDate "2010.09.06"]

1. c4 Nf6 2. Nc3 g6 3. Nf3 Bg7 4. g3 O-O 5. Bg2 d6 6. O-O c6 7. d4 Bf5 8. Re1
Ne4 9. Nxe4 Bxe4 10. Bh3 Bxf3 11. exf3 e6 12. Be3 d5 13. b3 dxc4 14. bxc4 c5
15. dxc5 Bxa1 16. Qxa1 Nc6 17. Rd1 Qe7 18. Bh6 e5 19. Bxf8 Rxf8 20. Rd5 e4 21.
Qe1 Re8 22. fxe4 Qxe4 23. Qxe4 Rxe4 24. Rd7 Rxc4 25. Rxb7 Rxc5 26. Rc7 Rc2 27.
Bg2 Nb4 28. Rxc2 Nxc2 29. Bd5 Kf8 30. Kf1 Nd4 31. Ke1 Ke7 32. Kd2 f6 33. Kd3
Nf5 34. Kc4 Kd6 35. Bg8 h6 36. Kb5 Nd4+ 37. Ka6 Nc6 38. Kb7 f5 39. Bb3 Kc5 40.
Kc7 Nd4 41. Bd1 a5 42. Kd7 Kb4 43. Ke7 f4 44. Kf6 g5 45. Ke5 Kc3 46. Ba4 Nf3+
47. Kf5 Nxh2 48. Kg6 Kd2 49. Kxh6 Ke1 50. Kxg5 Kxf2 51. Kxf4 Nf1 52. Kg4 Nxg3
53. Kf4 1/2-1/2

[Event "BALKAN AMATEUR CHESS FESTIVAL"]
[Site "Belogradchik, hotel Skalite"]
[Date "2010.09.12"]
[Round "9.14"]
[White "Heredia Serrano, Carla"]
[Black "Andreev, Stanislav"]
[Result "0-1"]
[WhiteElo "2096"]
[BlackElo "2163"]
[PlyCount "174"]
[EventDate "2010.09.06"]

1. e4 c6 2. Nf3 d5 3. Nc3 Bg4 4. h3 Bxf3 5. Qxf3 e6 6. b3 Nf6 7. e5 Nfd7 8. Qg3
g6 9. Bb2 Bg7 10. f4 Qa5 11. h4 h5 12. Bd3 Bh6 13. Rf1 Nf8 14. O-O-O Na6 15. a3
O-O-O 16. b4 Qc7 17. Bxa6 bxa6 18. Na4 Nd7 19. d4 a5 20. Qb3 axb4 21. axb4 Bf8
22. Rd3 Nb6 23. Nxb6+ axb6 24. c4 dxc4 25. Qxc4 Kd7 26. Ra3 Be7 27. Qa2 Rb8 28.
Bc3 Bxh4 29. Kd2 Be7 30. Ra1 Rhd8 31. Ke3 Ke8 32. Ra7 Rb7 33. Rxb7 Qxb7 34. Qa6
Rb8 35. Qxb7 Rxb7 36. Kd3 Bd8 37. Ra8 Kd7 38. Kc4 b5+ 39. Kd3 Rc7 40. Ke4 Rc8
41. Rxc8 Kxc8 42. Kf3 Bh4 43. g3 Be7 44. g4 hxg4+ 45. Kxg4 Kd7 46. Be1 Ke8 47.
Bc3 Kf8 48. Be1 Kg7 49. Bd2 f5+ 50. exf6+ Bxf6 51. Bc3 Kf7 52. Kf3 Be7 53. Ke4
Bh4 54. Ke5 Ke7 55. Bd2 Bf6+ 56. Ke4 Kd6 57. Be3 Bh4 58. Bd2 Bf6 59. Be3 Bd8
60. Bd2 Ke7 61. Bc3 Kf7 62. Kf3 g5 63. fxg5 Bxg5 64. Ke4 Bd8 65. Be1 Bc7 66.
Bd2 Bd6 67. Bc3 Kg6 68. Bd2 Kf6 69. Bc3 Kg5 70. Bd2+ Kg4 71. Be1 Bf4 72. Bh4
Bd6 73. Be1 Bc7 74. Bd2 Bg3 75. Bh6 Bd6 76. Bd2 Kg3 77. Be1+ Kg2 78. Bc3 Kf2
79. Bd2 Ke2 80. Bc3 Bc7 81. Bb2 Kd2 82. d5 cxd5+ 83. Kd4 Bd6 84. Bc3+ Kc2 85.
Be1 Kb3 86. Bd2 Bxb4 87. Bf4 Bc3+ 0-1

[Event "BALKAN AMATEUR CHESS FESTIVAL"]
[Site "Belogradchik, hotel Skalite"]
[Date "2010.09.12"]
[Round "9.15"]
[White "Todorov, Todor"]
[Black "Stankov, Apostol"]
[Result "1-0"]
[WhiteElo "2151"]
[BlackElo "1926"]
[PlyCount "133"]
[EventDate "2010.09.06"]

1. d4 Nf6 2. Nf3 e6 3. g3 d5 4. Bg2 c5 5. c3 Nc6 6. O-O Be7 7. Bf4 O-O 8. Nbd2
Qb6 9. Qb3 Qxb3 10. Nxb3 c4 11. Nbd2 b5 12. Ne5 Bb7 13. b3 b4 14. Nxc6 Bxc6 15.
bxc4 bxc3 16. Nb3 Rac8 17. c5 Bb5 18. Rfe1 Nh5 19. Rac1 g5 20. Be3 f5 21. Rxc3
Rc6 22. Bc1 Ra6 23. a3 Bf6 24. e3 Ra4 25. Bf3 g4 26. Be2 Bxe2 27. Rxe2 Rc8 28.
Rd2 Bd8 29. Rdc2 Rc6 30. Kg2 Nf6 31. f3 gxf3+ 32. Kxf3 Ne4 33. Rd3 Rc4 34. Rb2
a5 35. Rd1 Bc7 36. Bd2 Ra6 37. Nc1 Ra8 38. Ne2 Ra7 39. Be1 Kf7 40. Rdb1 Kf6 41.
h4 Ra4 42. Rb3 Ke7 43. Nc3 Nxc3 44. Bxc3 h5 45. Be1 Kd7 46. Ke2 Kc6 47. Kd3 Ra8
48. R1b2 Rg8 49. Ke2 Rg4 50. Kf3 Re4 51. Rd3 Rg4 52. Rbb3 Re4 53. Rd1 Rg4 54.
Rdb1 Re4 55. Bf2 Rg4 56. Kg2 Re4 57. Rb7 Rxa3 58. Ra7 Ra2 59. Rbb7 Bd8 60. Kf3
Rg4 61. Rd7 Rg8 62. Rd6+ Kb5 63. Ra8 a4 64. Rb8+ Kc4 65. Rbxd8 Rxd8 66. Rxd8 a3
67. c6 1-0

[Event "BALKAN AMATEUR CHESS FESTIVAL"]
[Site "Belogradchik, hotel Skalite"]
[Date "2010.09.12"]
[Round "9.16"]
[White "Dimitrov, Dejan"]
[Black "Bochev, Krasimir"]
[Result "1/2-1/2"]
[WhiteElo "2053"]
[BlackElo "2143"]
[PlyCount "88"]
[EventDate "2010.09.06"]

1. e4 c5 2. Nf3 g6 3. d4 Bg7 4. Nc3 cxd4 5. Nxd4 Nc6 6. Nde2 Nf6 7. g3 O-O 8.
Bg2 Rb8 9. a4 a6 10. O-O b5 11. axb5 axb5 12. Bg5 h6 13. Bf4 d6 14. Nd5 Nd7 15.
c3 Kh7 16. Qd2 Nde5 17. b3 Bh3 18. Nd4 Bxg2 19. Kxg2 e6 20. Bxe5 Nxe5 21. Nb4
Qb6 22. Ra6 Qb7 23. Qe2 Rfc8 24. Rc1 Bf8 25. Rca1 Rc7 26. Ra7 Qb6 27. R7a6 Qb7
28. Ra7 Qb6 29. R1a6 Qc5 30. Rxc7 Qxc7 31. Nxb5 Qc5 32. Ra5 Qb6 33. Qa2 Qb7 34.
f3 d5 35. exd5 Bxb4 36. cxb4 Qxd5 37. Qe2 Nc6 38. Nc3 Qd4 39. Rc5 Nxb4 40. Rc4
Qd3 41. Qe5 Qc2+ 42. Kh3 Qf5+ 43. Qxf5 gxf5 44. Ne2 Nd5 1/2-1/2

[Event "BALKAN AMATEUR CHESS FESTIVAL"]
[Site "Belogradchik, hotel Skalite"]
[Date "2010.09.12"]
[Round "9.18"]
[White "Krustev, Vasil"]
[Black "Mladenov, Emil"]
[Result "1/2-1/2"]
[WhiteElo "2012"]
[BlackElo "2169"]
[PlyCount "62"]
[EventDate "2010.09.06"]

1. d4 d6 2. c4 e5 3. dxe5 dxe5 4. Qxd8+ Kxd8 5. Nc3 c6 6. Bg5+ f6 7. Be3 Be6 8.
b3 Bb4 9. Bd2 Na6 10. Nf3 Kc7 11. Ne4 Nh6 12. e3 Rad8 13. Be2 Nf5 14. O-O Nd6
15. Nxd6 Rxd6 16. Bxb4 Nxb4 17. a3 Na6 18. Rfd1 Rhd8 19. Rxd6 Rxd6 20. Rd1
Rxd1+ 21. Bxd1 Kd6 22. Kf1 Nc5 23. Ke1 a5 24. Kd2 a4 25. Kc3 axb3 26. Bxb3 Na6
27. Nd2 Nc5 28. Ba2 h5 29. f3 h4 30. Nb3 Nxb3 31. Bxb3 Kc5 1/2-1/2

[Event "BALKAN AMATEUR CHESS FESTIVAL"]
[Site "Belogradchik, hotel Skalite"]
[Date "2010.09.11"]
[Round "8.1"]
[White "Dobrev, Naiden"]
[Black "Ivanov, Borislav"]
[Result "1/2-1/2"]
[WhiteElo "2206"]
[BlackElo "2178"]
[PlyCount "32"]
[EventDate "2010.09.06"]

1. e4 c6 2. c4 d5 3. exd5 cxd5 4. d4 Nf6 5. Nc3 Nc6 6. cxd5 Nxd5 7. Nf3 Bg4 8.
Be2 e6 9. O-O Be7 10. h3 Bf5 11. Qb3 Qb6 12. Qc4 Rd8 13. a3 O-O 14. Na4 Qc7 15.
Bd3 Nf4 16. Bxf4 Qxf4 1/2-1/2

[Event "BALKAN AMATEUR CHESS FESTIVAL"]
[Site "Belogradchik, hotel Skalite"]
[Date "2010.09.11"]
[Round "8.2"]
[White "Vlashki, Nino"]
[Black "Ivelinov, Hristo"]
[Result "1/2-1/2"]
[WhiteElo "2230"]
[BlackElo "2221"]
[PlyCount "151"]
[EventDate "2010.09.06"]

1. e4 e5 2. Nf3 Nc6 3. Bb5 a6 4. Ba4 Nf6 5. O-O b5 6. Bb3 Bc5 7. a4 Bb7 8. d3
h6 9. Nc3 b4 10. Nd5 Na5 11. Ba2 Nxd5 12. exd5 d6 13. d4 exd4 14. Re1+ Kf8 15.
Nxd4 Qf6 16. Re4 Re8 17. Rf4 Qe5 18. Be3 b3 19. Rf5 Qe4 20. Qh5 Bxd5 21. Rxd5
g6 22. Qf3 bxa2 23. Qxe4 Rxe4 24. Ne2 Bxe3 25. Nc3 Bxf2+ 26. Kxf2 Re5 27. Rxa2
Kg7 28. Ra1 Rhe8 29. Rad1 Nc4 30. Rxe5 Rxe5 31. Rb1 Ne3 32. Rc1 Ng4+ 33. Kg1 c6
34. h3 Ne3 35. Kf2 d5 36. Ne2 Nc4 37. b3 Nd6 38. Rd1 Ne4+ 39. Kg1 Nf6 40. Kf2
h5 41. b4 Re8 42. Nd4 Rc8 43. Nb3 Rb8 44. Rd4 Ne4+ 45. Ke3 f5 46. Na5 Rb6 47.
c4 f4+ 48. Kxf4 Rxb4 49. Nxc6 Rxa4 50. cxd5 Rxd4 51. Nxd4 Nc5 52. Ke5 Kf7 53.
Nc6 Nb7 54. d6 Nc5 55. Kd5 Nd7 56. Nd8+ Ke8 57. Ne6 a5 58. Kc4 Kf7 59. Nd4 Kf6
60. Kd5 a4 61. Kc6 Ne5+ 62. Kc7 a3 63. d7 Nxd7 64. Kxd7 Ke5 65. Nc2 a2 66. Ke7
h4 67. Kf7 Kf5 68. Kg7 Kg5 69. Na1 Kf5 70. Kh6 Kf6 71. Nc2 Kf5 72. Kg7 Kg5 73.
Kh7 Kh5 74. Kg7 Kg5 75. Kf7 Kf5 76. Kg7 1/2-1/2

[Event "BALKAN AMATEUR CHESS FESTIVAL"]
[Site "Belogradchik, hotel Skalite"]
[Date "2010.09.11"]
[Round "8.3"]
[White "Janachkov, Angel"]
[Black "Todorov, Momchil"]
[Result "1/2-1/2"]
[WhiteElo "2212"]
[BlackElo "2191"]
[PlyCount "65"]
[EventDate "2010.09.06"]

1. e4 c5 2. Nf3 g6 3. g3 Bg7 4. Bg2 Nc6 5. O-O Nf6 6. Re1 d6 7. Nc3 O-O 8. d3
e5 9. Bg5 h6 10. Bxf6 Bxf6 11. Nd2 Rb8 12. a4 Bg7 13. Nc4 a6 14. a5 Be6 15. Nd5
Ne7 16. c3 Nxd5 17. exd5 Bf5 18. Ra3 Qc7 19. Rb3 Rbd8 20. Rb6 Bc8 21. Qb3 Kh8
22. Qa3 Rfe8 23. b4 cxb4 24. Qxb4 Bf8 25. Rb1 f5 26. Qb3 h5 27. Rb4 Qc5 28. d4
exd4 29. cxd4 Qc7 30. Nb6 Bg7 31. Nxc8 Rxc8 32. Rxb7 Qxa5 33. Rb4 1/2-1/2

[Event "BALKAN AMATEUR CHESS FESTIVAL"]
[Site "Belogradchik, hotel Skalite"]
[Date "2010.09.11"]
[Round "8.4"]
[White "Tashkov, Rumen"]
[Black "Ivanov, Bogidar"]
[Result "1-0"]
[WhiteElo "2239"]
[BlackElo "2188"]
[PlyCount "110"]
[EventDate "2010.09.06"]

1. d4 Nf6 2. c4 e6 3. g3 d5 4. Nf3 dxc4 5. Bg2 Be7 6. O-O Nbd7 7. Qa4 a6 8.
Qxc4 b5 9. Qc2 Bb7 10. Ne5 Bxg2 11. Kxg2 Nxe5 12. dxe5 Nd7 13. Rd1 O-O 14. a4
Qc8 15. Qe4 Nc5 16. Qc6 Nxa4 17. Rd7 Qe8 18. Nc3 Nc5 19. Rxc7 Qxc6+ 20. Rxc6
Nb3 21. Rb1 Rfc8 22. Rxc8+ Rxc8 23. Be3 Bc5 24. Kf3 Bxe3 25. Kxe3 Na5 26. f4
Nc4+ 27. Kd4 h6 28. Ne4 Kf8 29. Nd6 Nxd6 30. exd6 Rc6 31. e4 Rxd6+ 32. Kc5 Ke7
33. e5 Rd3 34. b4 Ra3 35. Kb6 Ra4 36. g4 f6 37. h4 Kf7 38. h5 g6 39. Rc1 gxh5
40. gxh5 Rxb4 41. Rc7+ Kf8 42. Rc8+ Ke7 43. Rc7+ Kd8 44. f5 fxe5 45. f6 Rf4 46.
f7 e4 47. Kc6 e3 48. Rd7+ Kc8 49. Re7 Kb8 50. Re8+ Ka7 51. f8=Q Rxf8 52. Rxf8
e2 53. Rf7+ Kb8 54. Kb6 Kc8 55. Rc7+ Kd8 1-0

[Event "BALKAN AMATEUR CHESS FESTIVAL"]
[Site "Belogradchik, hotel Skalite"]
[Date "2010.09.11"]
[Round "8.5"]
[White "Andreev, Stanislav"]
[Black "Panayotov, Yanko"]
[Result "0-1"]
[WhiteElo "2163"]
[BlackElo "2233"]
[PlyCount "128"]
[EventDate "2010.09.06"]

1. d4 c6 2. c4 b5 3. cxb5 cxb5 4. Bg5 Nf6 5. Nd2 e6 6. e3 Bb7 7. Ngf3 a6 8. Bd3
Be7 9. O-O Nc6 10. Rc1 Rc8 11. Qe2 Qb6 12. Nb3 d6 13. e4 h6 14. Bd2 d5 15. e5
Nd7 16. Be3 Nb4 17. Rxc8+ Bxc8 18. Bb1 Qb8 19. Ne1 Nb6 20. Qg4 g6 21. a3 Nc6
22. Nd3 Nd7 23. Rc1 Bb7 24. Nbc5 Bxc5 25. Nxc5 Nxc5 26. Rxc5 Ne7 27. Qh4 Kd7
28. Qf6 Rh7 29. h4 Qh8 30. Qf3 Nf5 31. h5 Rg7 32. hxg6 fxg6 33. Qd1 Rg8 34. Bd3
Rc8 35. b4 Rxc5 36. bxc5 Nxe3 37. fxe3 g5 38. a4 Bc6 39. Qf1 bxa4 40. Qf7+ Kd8
41. Qxe6 Qe8 42. Qd6+ Qd7 43. Qb8+ Qc8 44. Qb6+ Qc7 45. Qxa6 Qb7 46. Qa5+ Ke7
47. Bg6 h5 48. Kh2 Qb8 49. Bc2 Qe8 50. Bb1 Qd7 51. Bc2 Kf7 52. Qb6 h4 53. Qb8
Kg7 54. Bb1 g4 55. g3 h3 56. Qb2 Qf7 57. Qc2 Kf8 58. Qe2 Bd7 59. e4 a3 60. exd5
Qxd5 61. Qd2 Ke8 62. Ba2 Qe4 63. d5 Bb5 64. c6 Be2 0-1